Doctor De Soto / (Record no. 475)

MARC details
000 -LEADER
fixed length control field 01095nam a22002657a 4500
005 - DATE AND TIME OF LATEST TRANSACTION
control field 20250507115615.0
020 ## - INTERNATIONAL STANDARD BOOK NUMBER
International Standard Book Number 0590414623
040 ## - CATALOGING SOURCE
Original cataloging agency FISKH
Language of cataloging eng
Transcribing agency FISKH
Modifying agency FISKH
050 ## - LIBRARY OF CONGRESS CALL NUMBER
Classification number PZ7.S8177
082 ## - DEWEY DECIMAL CLASSIFICATION NUMBER
Classification number 813.54
100 ## - MAIN ENTRY--PERSONAL NAME
Personal name Steig, William
245 ## - TITLE STATEMENT
Title Doctor De Soto /
Statement of responsibility, etc. William Steig
260 ## - PUBLICATION, DISTRIBUTION, ETC.
Place of publication, distribution, etc. New York :
Name of publisher, distributor, etc. Scholastic.
Date of publication, distribution, etc. 1982.
300 ## - PHYSICAL DESCRIPTION
Extent 16 leaves of plates :
Dimensions 23 cm.
505 ## - FORMATTED CONTENTS NOTE
Formatted contents note K
520 ## - SUMMARY, ETC.
Summary, etc. "Doctor De Soto, the dentist, did very good work." With the aid of his able assistant, Mrs. De Soto, he copes with the toothaches of animals large and small. His expertise is so great that his fortunate patients never feel any pain. Since he's a mouse, Doctor De Soto refuses to treat "dangerous" animals--that is, animals who have a taste for mice. But one day a fox shows up and begs for relief from the tooth that's killing him. How can the kindhearted De Sotos turn him away?
521 ## - TARGET AUDIENCE NOTE
Target audience note 560 <br/>
Source Lexile AD
521 ## - TARGET AUDIENCE NOTE
Target audience note K <br/>
Source Raz-Plus
650 ## - SUBJECT ADDED ENTRY--TOPICAL TERM
Topical term or geographic name entry element dentists
650 ## - SUBJECT ADDED ENTRY--TOPICAL TERM
Topical term or geographic name entry element foxes
650 ## - SUBJECT ADDED ENTRY--TOPICAL TERM
Topical term or geographic name entry element mice
650 ## - SUBJECT ADDED ENTRY--TOPICAL TERM
Topical term or geographic name entry element juvenile literature
942 ## - ADDED ENTRY ELEMENTS (KOHA)
Source of classification or shelving scheme Dewey Decimal Classification
Koha item type Books
Suppress in OPAC No
999 ## -
-- 475
-- 475
Holdings
Withdrawn status Lost status Source of classification or shelving scheme Damaged status Not for loan Collection Home library Current library Shelving location Date acquired Total Checkouts Full call number Barcode Date last seen Date last checked out Price effective from Koha item type Copy number
    Dewey Decimal Classification     Juvenile Fiction Footprints International School Library Network Toul Kork Campus Footprints International School Library Network Toul Kork Campus TK Primary Library Room(4th Floor), Bookcase 3&4, Shelves 17-32, Yellow Books 04/25/2023 3 STE 813.54 PZ7.S8177 FISBK02428 08/29/2025 08/23/2024 04/25/2023 Books  
    Dewey Decimal Classification     Juvenile Fiction Footprints International School Library Network Toul Kork Campus Footprints International School Library Network Toul Kork Campus TK Primary Library Room(4th Floor), Bookcase 3&4, Shelves 17-32, Yellow Books 01/23/2025 1 STE 813.54 PZ7.S8177 2025-0072 06/05/2025 03/13/2025 01/23/2025 Books 2
    Dewey Decimal Classification     Juvenile Fiction Footprints International School Library Network Toul Tom Poung Campus Footprints International School Library Network Toul Tom Poung Campus TTP Primary Yellow Bookshelves 05/07/2025   STE 813.54 PZ7.S8177 2025-1187 05/07/2025   05/07/2025 Books 3